Over-Speeding Detection and Reporting System (Record no. 590026)

000 -LEADER
fixed length control field 00549nam a22001817a 4500
003 - CONTROL NUMBER IDENTIFIER
control field NUST
038 ## - RECORD CONTENT LICENSOR
Staff Name Nusrat Nadeem
040 ## - CATALOGING SOURCE
Transcribing agency Central Library
082 ## - DEWEY DECIMAL CLASSIFICATION NUMBER
Classification number BEE-5
100 ## - MAIN ENTRY--PERSONAL NAME
Personal name Zohaib Hassan,Sarmad Majeed Malik,Muhammad Asad Iqbal
9 (RLIN) 91909
245 ## - TITLE STATEMENT
Title Over-Speeding Detection and Reporting System
260 ## - PUBLICATION, DISTRIBUTION, ETC.
Place of publication, distribution, etc. Islamabad
Name of publisher, distributor, etc. NUST SEECS
Date of publication, distribution, etc. 2012
300 ## - PHYSICAL DESCRIPTION
Extent 70,pages,
Other physical details HB,
Dimensions 25,cm.
563 ## - BINDING INFORMATION
Binding note HB
700 ## - ADDED ENTRY--PERSONAL NAME
Personal name Supervisor : Dr .Tauseef Tauqeer
9 (RLIN) 91883
856 ## - ELECTRONIC LOCATION AND ACCESS
Uniform Resource Identifier <a href=" http://10.250.8.41:8080/xmlui/handle/123456789/10831"> http://10.250.8.41:8080/xmlui/handle/123456789/10831</a>
942 ## - ADDED ENTRY ELEMENTS (KOHA)
Source of classification or shelving scheme
Koha item type Thesis
Holdings
Withdrawn status Lost status Source of classification or shelving scheme Damaged status Not for loan Permanent Location Current Location Date acquired Full call number Barcode Date last seen Price effective from Koha item type
WITHDRAWN         Central Library (CL) Central Library (CL) 05/27/2022 BEE-5 SEECSP01142 05/27/2022 05/27/2022 Thesis
© 2023 Central Library, National University of Sciences and Technology. All Rights Reserved.